000 00312nam a2200145Ia 4500
008 230718s9999 xx 000 0 und d
041 _aEng.
082 _a825.3
_bKEN-R
100 _aKenny, Jon
245 0 _aRegret
260 _aPakistan
_bPenguin Book
_c2002
300 _a266
650 _aLaw
999 _c27746
_d27746